| 000 | 00992nam a2200217Ia 4500 | ||
|---|---|---|---|
| 999 |
_c8683 _d8683 |
||
| 005 | 20230807154918.0 | ||
| 008 | 230725s9999 xx 000 0 und d | ||
| 020 | _a9584101625 | ||
| 040 |
_aUPAN _cBiblioteca San Vicente _eRCAA2 |
||
| 041 | _aspa | ||
| 082 |
_a512.13 _bZ555a _c2000 |
||
| 100 |
_aZill, Dennis _4aut. |
||
| 245 | 0 |
_aAlgebra Trigonometria/ _bDennis G. Zill |
|
| 250 | _a2ª ed. | ||
| 260 |
_aColombia: _bMcGraw Hill, _c2000 |
||
| 300 |
_a657 p.; _c27 cm. |
||
| 505 | _a0. Lógica y conjuntos 1. Conceptos fundamentos del álgebra 2. Ecuaciones e inecuaciones 3. Funciones y gráficas 4. Funciones polinomiales y racionales 5. Funciones exponenciales y logarítmicas 6. Trigonometría del triangulo 7. Trigonometría analítica 8. Sistemas de ecuaciones e inecuaciones 9. Matrices 10. Temas de geometría analítica 11. Sucesiones, series y probabilidad | ||
| 650 |
_2LEMB _aTrigonometría _xAlgebra |
||
| 700 |
_aJacqueline M. Dewar _4col. |
||
| 942 |
_cBK _2ddc |
||